Joueurs du Real Madrid 21/22 - Statistiques

Statistiques générales
  • Ce quiz a été pris 874 fois
  • Le résultat moyen est 20 sur 27
Statistiques - réponses
Hint Réponse % Correct
1 Courtois
99%
9 Benzema
97%
10 Modric
96%
8 Kroos
95%
2 Carvajal
93%
20 Vinicius Junior
93%
3 Militao
91%
4 Alaba
90%
21 Rodrygo
87%
25 Camavinga
85%
23 Mendy
85%
7 Hazard
83%
14 Casemiro
82%
13 Lunin
82%
6 Nacho
80%
15 Valverde
80%
11 Asensio
78%
12 Marcelo
73%
24 Diaz
70%
19 Ceballos
68%
17 Vazquez
68%
5 Vallejo
58%
18 Bale
56%
22 Isco
55%
16 Jovic
43%
35 Ortega
12%
26 Andugar
8%
Aucun quiz correspondant
Distribution des résultats
% des personnes avec chaque résultat
Percentile par nombre de réponses
Votre historique - résultats
Vous n’avez pas pris ce quiz